Manual prc̀tico de sociedades y asociaciones civiles 2019

Bibliographic Details
Main Author: Přez Chv̀ez, Još
Other Authors: Fol Olgun̕, Raymundo
Format: eBook
Language:Spanish
Published: Ciudad de Mx̌ico: Tax Editores, 2019
Subjects:
Online Access:Acceso restringido

MARC

LEADER 00000nam a22000007a 4500
005 2019051703343.0
007 cr|||| ||||
008 190517s2019 mx |||||s|||| 00||0 spa d
020 |a 978-607-629-365-2 
035 |a 23409 
040 |a vLex 
090 |c 8744  |d 8744 
100 1 |a Přez Chv̀ez, Još 
245 1 0 |a Manual prc̀tico de sociedades y asociaciones civiles 2019  |h [Recurso electrn̤ico] /  |c Jos ̌Přez Chv̀ez, Raymundo Fol Olgun̕ 
256 |a Servicio en ln̕ea 
260 |a Ciudad de Mx̌ico:  |b Tax Editores,  |c 2019 
300 |a 1 recurso electrn̤ico 
500 |a En la actualidad, un nm︢ero importante de personas morales se encuentra constituido legalmente como sociedades civiles (S.C.) o asociaciones civiles (A.C.), las cuales, dependiendo de las actividades que realizan, tributan en el Tt̕ulo II (rǧimen general) o en el Tt̕ulo III (personas morales con fines no lucrativos) de la Ley del ISR (LISR). Por tal motivo, presentamos esta obra que incluye las disposiciones legales y fiscales que deben atender este tipo de personas morales. En el apartado fiscal se tratan de manera separada las disposiciones que deben satisfacer tanto las sociedades y asociaciones que tributan en el Tt̕ulo II, como aquellas que se encuentran en el tt̕ulo III de la LISR. Esto permitir ̀al lector comprender las disposiciones fiscales aplicables a estas sociedades y asociaciones, de acuerdo con el tt̕ulo de la citada ley en que se ubiquen. En el presente libro tambiň se abordan temas relacionados con el impuesto al valor agregado (IVA). Al igual que en el ISR, se hace la separacin̤ de las disposiciones fiscales que, para efectos de dicho impuesto, deben observar las sociedades y asociaciones civiles que pagan sus impuestos conforme al Tt̕ulo II, as ̕como aquellas que se encuentran comprendidas en el Tt̕ulo III de la LISR. La obra incluye, entre otros, los ordenamientos fiscales siguientes: 1. La Ley de Ingresos de la Federacin̤ vigente. 2. La Resolucin̤ Miscelǹea Fiscal. El manual est ̀dirigido a los responsables del cumplimiento de las obligaciones fiscales de las sociedades y asociaciones civiles, sin importar el tt̕ulo de la LISR en el que se ubiquen; a los despachos de contadores pb︢licos que tengan como clientes a S.C. o A.C.; a los profesores en la materia de impuestos y estudiantes de la materia f iscal; as ̕como para los asesores fiscales y, en general, a cualquier persona que se interese en conocer las disposiciones legales y fiscales aplicables a tales personas morales. 
506 1 |a Disponible solo en los productos indicados  |d vLex Global  |d vLex Global (Academic Edition, excluding Law Schools)  |d vLex Global (U.S. Academic Edition, Law Schools)  |d vLex Global (U.S. Academic Edition, excluding Law Schools)  |d vLex Global (Academic Edition, Law Schools) 
650 0 4 |a Derecho Fiscal  |z Mx̌ico 
700 1 |a Fol Olgun̕, Raymundo 
740 0 |a vLex Libros (Servicio en ln̕ea) 
856 4 0 |u http://vlex.com/source/manual-practico-de-sociedades-y-asociaciones-civiles-2019-23409  |z Acceso restringido 
942 |c BOOK 
999 0 |a Tax Law